000 00319 a2200109 4500
020 _a9040722153
082 _a624.193 BRO
100 _aBroere, W.
245 _aTunnel Face Stability & New CPT Applications
_cW. Broere
260 _aNetherlands :
_bDelft University Press,
_c2001
300 _axiv, 194p. :
_bill. ;
_c30 cm
650 _aTunneling Methods
999 _c1434
_d1434